00602nam a2200205Ia 4500003000400000005001700004008004100021040000700062041000800069082001300077100002800090245002300118260003200141300000900173650002000182700002700202942001300229999001900242952013500261OSt20260507105206.0250729s2005 xx 000 0 und d cAL aENG a900 PIPE aPipes, Richard 9229088 aEurope Since 1815  aಮೈಸೂರುc2005 a469p aHistory9229089 aRao Digumurthi9229090 2ddccBED c238215d238215 00104070aALbALd2025-07-29eSchool Book Companyg150.00l0o372.25 SURPpBED03534r2025-07-29 16:56:30v150.00w2025-07-29yBK